000 00381 a2200169 4500
001 190875
020 _a85-00-90435-6
040 _cMagnum
100 _aDinis, JĂșlio
240 1 0 _aAs pupilas do senhor reitor
_lpor
245 1 0 _aAs pupilas do senhor reitor
300 _a330
362 0 _a1997
440 1 _aEdiouro
697 _aLITERATURA GERAL ESTRANGEIRA
942 _cBK
999 _c190875
_d190875